[Event "Excelsior February Rapid"]
[Site "Toronto CAN"]
[Date "2023.02.11"]
[Round "2.4"]
[White "Lu, Tony"]
[Black "Reprintsev, Alexander"]
[Result "0-1"]
[WhiteElo "1713"]
[BlackElo "2401"]
[PlyCount "46"]
[EventDate "2023.02.11"]
[EventType "swiss (rapid)"]
[EventRounds "5"]
[EventCountry "CAN"]

1. e4 d5 2. exd5 Qxd5 3. Nf3 Bg4 4. Be2 Nc6 5. O-O O-O-O 6. c4 Qd7 7. Nc3 e5 8.
a3 f5 9. h3 h5 10. hxg4 hxg4 11. Nh2 Nf6 12. g3 Bc5 13. b4 Rh3 14. bxc5 Rdh8
15. Bf3 gxf3 16. Nxf3 e4 17. Nh4 g5 18. Kg2 gxh4 19. Kxh3 hxg3+ 20. Kg2 f4 21.
Rh1 f3+ 22. Kxg3 Rg8+ 23. Kf4 Rg4+ 0-1

[Event "Excelsior February Rapid"]
[Site "Toronto CAN"]
[Date "2023.02.11"]
[Round "2.5"]
[White "Plotkin, Victor"]
[Black "Ruchinskaya, Valerie"]
[Result "1-0"]
[WhiteElo "2328"]
[BlackElo "1538"]
[PlyCount "71"]
[EventDate "2023.02.11"]
[EventType "swiss (rapid)"]
[EventRounds "5"]
[EventCountry "CAN"]

1. e4 e6 2. d4 d5 3. Nc3 Bb4 4. Nge2 Nf6 5. a3 Be7 6. Ng3 dxe4 7. Ncxe4 b6 8.
Bd3 Bb7 9. O-O O-O 10. c3 Nbd7 11. Qc2 h6 12. Re1 c5 13. Nxf6+ Nxf6 14. dxc5
Bxc5 15. b4 Be7 16. c4 a5 17. Bd2 axb4 18. axb4 Qc7 19. Bc3 Qc6 20. f3 Rfd8 21.
Nf5 Bc5+ 22. bxc5 exf5 23. Rxa8 Bxa8 24. cxb6 Qxb6+ 25. Kh1 Qc6 26. Bxf6 Qxf6
27. Bxf5 g6 28. Be4 Qh4 29. Qc1 Qf2 30. Bxa8 Rxa8 31. Qc3 h5 32. c5 Rc8 33. c6
f5 34. h3 Rxc6 35. Re8+ Kf7 36. Qxc6 1-0

[Event "Excelsior February Rapid"]
[Site "Toronto CAN"]
[Date "2023.02.11"]
[Round "2.7"]
[White "Jaferian, Koosha"]
[Black "Momic, Jovan"]
[Result "1-0"]
[WhiteElo "2320"]
[BlackElo "1666"]
[PlyCount "49"]
[EventDate "2023.02.11"]
[EventType "swiss (rapid)"]
[EventRounds "5"]
[EventCountry "CAN"]

1. e4 d6 2. d4 Nf6 3. Nc3 c6 4. Bf4 Qa5 5. Qd2 e5 6. Bg5 Nbd7 7. Nf3 h6 8. Bh4
Qb4 9. O-O-O g5 10. Bg3 g4 11. dxe5 Nxe4 12. Nxe4 Qxe4 13. exd6 Qa4 14. Re1+
Kd8 15. Qc3 f6 16. Nd4 Ne5 17. Rxe5 fxe5 18. Bxe5 Rh7 19. Bf6+ Kd7 20. Bb5 Qxa2
21. Bxc6+ Kxd6 22. Qg3+ Kc5 23. Qe5+ Kb6 24. Bd8+ Ka6 25. Bb5# 1-0

[Event "Excelsior February Rapid"]
[Site "Toronto CAN"]
[Date "2023.02.11"]
[Round "2.8"]
[White "Joseph, Jonath"]
[Black "Derraugh, Geordie"]
[Result "0-1"]
[WhiteElo "1656"]
[BlackElo "2223"]
[PlyCount "58"]
[EventDate "2023.02.11"]
[EventType "swiss (rapid)"]
[EventRounds "5"]
[EventCountry "CAN"]

1. Nf3 Nf6 2. b3 d5 3. Bb2 Bg4 4. e3 e6 5. Be2 Bd6 6. d4 Bxf3 7. Bxf3 Nbd7 8.
Nd2 e5 9. dxe5 Nxe5 10. Be2 Qe7 11. O-O O-O-O 12. Nf3 Neg4 13. h3 h5 14. Qd3
Ne4 15. c4 dxc4 16. Qxc4 Rde8 17. Bd3 f5 18. Bxe4 fxe4 19. Nd4 Qe5 20. g3 Nxe3
21. Qe2 Nxf1 22. Nb5 Nxg3 23. Nxa7+ Kb8 24. Nc6+ bxc6 25. Qd2 Qc5 26. Rc1 Qb6
27. Bd4 Qxd4 28. Qxd4 Ne2+ 29. Kf1 Nxd4 0-1

[Event "Excelsior February Rapid"]
[Site "Toronto CAN"]
[Date "2023.02.11"]
[Round "3.2"]
[White "Sambuev, Bator"]
[Black "Jaferian, Koosha"]
[Result "1/2-1/2"]
[WhiteElo "2644"]
[BlackElo "2320"]
[PlyCount "67"]
[EventDate "2023.02.11"]
[EventType "swiss (rapid)"]
[EventRounds "5"]
[EventCountry "CAN"]

1. d4 Nf6 2. Nf3 d5 3. e3 c5 4. c4 cxd4 5. exd4 g6 6. Nc3 Bg7 7. Be2 O-O 8. O-O
Nc6 9. Re1 Bg4 10. c5 Ne4 11. Be3 Nxc3 12. bxc3 Qc7 13. Rb1 Rfd8 14. h3 Bf5 15.
Bd3 Bxd3 16. Qxd3 b6 17. cxb6 axb6 18. Re2 Na5 19. Bg5 Bf6 20. h4 Rac8 21. Ne5
Qxc3 22. Qxc3 Rxc3 23. Rxb6 Bxg5 24. hxg5 Nc4 25. Rc6 Rc1+ 26. Kh2 Rd1 27. Nxc4
dxc4 28. Rxe7 R1xd4 29. a4 Ra8 30. Rf6 c3 31. Rc7 c2 32. Rxc2 Rdxa4 33. Rc7 Rf8
34. Kg3 1/2-1/2

[Event "Excelsior February Rapid"]
[Site "Toronto CAN"]
[Date "2023.02.11"]
[Round "3.3"]
[White "Reprintsev, Alexander"]
[Black "Derraugh, Geordie"]
[Result "1-0"]
[WhiteElo "2401"]
[BlackElo "2223"]
[PlyCount "62"]
[EventDate "2023.02.11"]
[EventType "swiss (rapid)"]
[EventRounds "5"]
[EventCountry "CAN"]

1. e4 c5 2. b3 e6 3. Qe2 Nc6 4. Bb2 d6 5. f4 Nf6 6. Nc3 Nd4 7. Qd3 Nc6 8. Nf3
Bd7 9. O-O-O Qa5 10. Qe3 O-O-O 11. d4 d5 12. exd5 exd5 13. Bb5 Ng4 14. Qd2 cxd4
15. Nxd4 Bc5 16. Bxc6 bxc6 17. Rhe1 Bb4 18. a3 Bxa3 19. Bxa3 Qxa3+ 20. Kb1 Nxh2
21. Na4 Qd6 22. Qc3 Ng4 23. Nb5 Qb8 24. Rxd5 Nf6 25. Nd6+ Kc7 26. Qa5+ Qb6 27.
Nxb6 Nxd5 28. Nxd5+ Kxd6 29. Qc7+ Kc5 30. b4+ Kd4 31. Qxa7+ Kxd5 1-0

[Event "Excelsior February Rapid"]
[Site "Toronto CAN"]
[Date "2023.02.11"]
[Round "3.4"]
[White "Mehta, Anshul"]
[Black "Plotkin, Victor"]
[Result "0-1"]
[WhiteElo "1457"]
[BlackElo "2328"]
[PlyCount "76"]
[EventDate "2023.02.11"]
[EventType "swiss (rapid)"]
[EventRounds "5"]
[EventCountry "CAN"]

1. e4 e5 2. Nf3 Nf6 3. Bc4 Nxe4 4. Nxe5 d5 5. Bb3 Be6 6. d4 Bd6 7. Bf4 O-O 8.
f3 Nf6 9. Nc3 c5 10. dxc5 Bxc5 11. Bg5 h6 12. Bh4 Nc6 13. Ng4 Bxg4 14. fxg4
Re8+ 15. Kf1 d4 16. Na4 Bd6 17. c4 Qe7 18. Bxf6 Qxf6+ 19. Qf3 Qe7 20. c5 Bc7
21. Qf2 Rad8 22. Re1 Ne5 23. Bc2 d3 24. Bd1 Qg5 25. Qe3 d2 26. Re2 Qxe3 27.
Rxe3 Nxg4 28. Bxg4 Rxe3 29. Kf2 Re4 30. Bd1 Rde8 31. Nc3 Re1 32. Rf1 Bxh2 33.
g4 Rxf1+ 34. Kxf1 Re1+ 35. Kg2 Be5 36. Bf3 Bxc3 37. bxc3 d1=Q 38. Bxd1 Rxd1 0-1

[Event "Excelsior February Rapid"]
[Site "Toronto CAN"]
[Date "2023.02.11"]
[Round "3.6"]
[White "Oancea, Nicolae"]
[Black "Bekefi, Laszlo"]
[Result "1-0"]
[WhiteElo "1979"]
[BlackElo "2190"]
[PlyCount "77"]
[EventDate "2023.02.11"]
[EventType "swiss (rapid)"]
[EventRounds "5"]
[EventCountry "CAN"]

1. e4 c5 2. Nf3 d6 3. c3 Nf6 4. Bd3 Nc6 5. O-O Bg4 6. h3 Bh5 7. g4 Bg6 8. Re1
e6 9. Bc2 Be7 10. d4 cxd4 11. cxd4 d5 12. e5 Nd7 13. Nc3 O-O 14. a3 Rc8 15.
Bxg6 fxg6 16. g5 Rf5 17. h4 Qb6 18. Re3 Rcf8 19. Na4 Qb5 20. Nc5 Bxc5 21. dxc5
Ndxe5 22. Nxe5 Nxe5 23. Rb3 Qa4 24. f4 Rxf4 25. Bxf4 Rxf4 26. Rb4 Rxb4 27. axb4
Qxb4 28. Qa4 Qxc5+ 29. Kh1 Nc6 30. Rf1 d4 31. Qd1 Qd5+ 32. Kg1 Qe4 33. Rf2 Qxh4
34. Qc1 Qg4+ 35. Kf1 Qe4 36. Qc5 Qh1+ 37. Ke2 Qe4+ 38. Kf1 Qh1+ 39. Ke2 1-0

[Event "Excelsior February Rapid"]
[Site "Toronto CAN"]
[Date "2023.02.11"]
[Round "3.7"]
[White "Singh Dhaliwal, Jaipreet"]
[Black "Ajith, Aayush"]
[Result "1-0"]
[WhiteElo "1611"]
[BlackElo "1982"]
[PlyCount "49"]
[EventDate "2023.02.11"]
[EventType "swiss (rapid)"]
[EventRounds "5"]
[EventCountry "CAN"]

1. e4 c5 2. Nf3 d6 3. d4 cxd4 4. Nxd4 Nf6 5. Nc3 a6 6. Be3 e5 7. Nb3 Be6 8. f3
Nbd7 9. Qd2 Qc7 10. O-O-O b5 11. Kb1 b4 12. Nd5 Bxd5 13. exd5 a5 14. g4 Be7 15.
h4 O-O 16. h5 Nb6 17. Bxb6 Qxb6 18. g5 Nd7 19. Bh3 Rfd8 20. g6 Nf6 21. gxf7+
Kh8 22. Rdg1 a4 23. Qg5 Nxh5 24. Qxh5 axb3 25. Qxh7+ 1-0

[Event "Excelsior February Rapid"]
[Site "Toronto CAN"]
[Date "2023.02.11"]
[Round "3.8"]
[White "Qiao, Cindy"]
[Black "El Habboub, Hicham"]
[Result "1-0"]
[WhiteElo "1961"]
[BlackElo "1624"]
[PlyCount "61"]
[EventDate "2023.02.11"]
[EventType "swiss (rapid)"]
[EventRounds "5"]
[EventCountry "CAN"]

1. d4 d5 2. Bf4 Bf5 3. e3 Nf6 4. Nf3 e6 5. Be2 Bd6 6. Ne5 Nbd7 7. Nd2 O-O 8. g4
Bg6 9. h4 h6 10. g5 hxg5 11. hxg5 Nh7 12. Bd3 Nxe5 13. dxe5 Be7 14. Bxg6 fxg6
15. Qg4 Rf5 16. Nf3 Nxg5 17. Nd4 Rf7 18. O-O-O Rf8 19. Rdg1 c5 20. Nxe6 Nxe6
21. Qxe6+ Rf7 22. Rh8+ Kxh8 23. Qxf7 Rc8 24. Qxg6 Qf8 25. Rh1+ Kg8 26. e6 Bh4
27. Rxh4 Qf6 28. Qh7+ Kf8 29. Bd6+ Ke8 30. Qg8+ Qf8 31. Qxf8# 1-0

[Event "Excelsior February Rapid"]
[Site "Toronto CAN"]
[Date "2023.02.11"]
[Round "4.2"]
[White "Plotkin, Victor"]
[Black "Sambuev, Bator"]
[Result "0-1"]
[WhiteElo "2328"]
[BlackElo "2644"]
[PlyCount "102"]
[EventDate "2023.02.11"]
[EventType "swiss (rapid)"]
[EventRounds "5"]
[EventCountry "CAN"]

1. e4 e5 2. Nf3 Nc6 3. Bc4 Nf6 4. d3 d6 5. Ng5 d5 6. exd5 b5 7. Bxb5 Qxd5 8.
Nc3 Qxg2 9. Qf3 Qxf3 10. Nxf3 Bd7 11. O-O Bd6 12. Re1 O-O-O 13. Be3 Ng4 14. Ne4
Nxe3 15. Nxd6+ cxd6 16. fxe3 f6 17. a3 Kc7 18. c4 Bg4 19. Kf2 g5 20. b4 d5 21.
Rac1 Bxf3 22. Kxf3 e4+ 23. Kf2 Ne5 24. cxd5+ Kb6 25. d4 Nf3 26. Bc6 Nxe1 27.
Kxe1 f5 28. Rc5 a6 29. a4 Rd6 30. a5+ Ka7 31. b5 axb5 32. Bxb5 Rb8 33. Kd2 f4
34. a6 Kb6 35. Bf1 Rbd8 36. Bc4 R8d7 37. Bb5 Rc7 38. Bc6 Kxa6 39. Rc1 Rxd5 40.
Bxd5 fxe3+ 41. Kxe3 Rxc1 42. Bxe4 h6 43. h4 gxh4 44. Kf4 Rg1 45. d5 Kb6 46. Bf5
Kc5 47. Be6 Kd6 48. Kf3 Ke5 49. Kf2 Rg3 50. Bf7 Kf4 51. Be6 h3 0-1

[Event "Excelsior February Rapid"]
[Site "Toronto CAN"]
[Date "2023.02.11"]
[Round "4.3"]
[White "Jaferian, Koosha"]
[Black "Oancea, Nicolae"]
[Result "1-0"]
[WhiteElo "2320"]
[BlackElo "1979"]
[PlyCount "133"]
[EventDate "2023.02.11"]
[EventType "swiss (rapid)"]
[EventRounds "5"]
[EventCountry "CAN"]

1. e4 e5 2. Nf3 Nc6 3. d4 exd4 4. Nxd4 Bc5 5. Nb3 Bb6 6. Nc3 a6 7. Qe2 Nge7 8.
Be3 Bxe3 9. Qxe3 O-O 10. O-O-O d6 11. h4 Re8 12. h5 h6 13. f3 a5 14. a4 Nb4 15.
Bc4 d5 16. exd5 Nexd5 17. Qd2 c6 18. Nxd5 cxd5 19. Bxd5 Bf5 20. Bxb7 Qc7 21.
Be4 Bxe4 22. fxe4 Rxe4 23. Kb1 Rc8 24. c3 Qc4 25. Nc1 Na6 26. Qd3 Qxd3+ 27.
Rxd3 Rxa4 28. Rf1 Rg4 29. Rf5 Rxg2 30. Rxa5 Nc5 31. Rd4 Rg1 32. Rc4 Re8 33.
Rcxc5 Ree1 34. b4 Rxc1+ 35. Kb2 Rb1+ 36. Kc2 Rgd1 37. Rc8+ Kh7 38. Raa8 g6 39.
Rh8+ Kg7 40. Rag8+ Kf6 41. hxg6 fxg6 42. Rxh6 Rbc1+ 43. Kb3 Rg1 44. Rh2 Rcf1
45. Rf8+ Ke7 46. Rxf1 Rxf1 47. Rd2 g5 48. Kc4 g4 49. Rd5 g3 50. Rg5 Rg1 51. Kc5
g2 52. c4 Kf6 53. Rg3 Ke5 54. b5 Kf4 55. Rg8 Kf3 56. Kb6 Rc1 57. c5 g1=Q 58.
Rxg1 Rxg1 59. c6 Ke4 60. c7 Rg8 61. Kc6 Rg6+ 62. Kb7 Rg7 63. Kb8 Rg8+ 64. c8=Q
Rxc8+ 65. Kxc8 Kd5 66. b6 Kc6 67. b7 1-0

[Event "Excelsior February Rapid"]
[Site "Toronto CAN"]
[Date "2023.02.11"]
[Round "4.7"]
[White "Derraugh, Geordie"]
[Black "Momic, Jovan"]
[Result "1-0"]
[WhiteElo "2223"]
[BlackElo "1666"]
[PlyCount "82"]
[EventDate "2023.02.11"]
[EventType "swiss (rapid)"]
[EventRounds "5"]
[EventCountry "CAN"]

1. e4 d6 2. d4 Nf6 3. Nc3 c6 4. h3 g6 5. Be3 Bg7 6. f4 O-O 7. Qf3 Nbd7 8. O-O-O
b5 9. e5 Ne8 10. Qxc6 Rb8 11. Bxb5 Rb6 12. Qc4 Bb7 13. d5 dxe5 14. Bxd7 Qxd7
15. Bxb6 axb6 16. fxe5 Bxe5 17. Nf3 Bg7 18. Qb5 Qc7 19. Na4 Qf4+ 20. Kb1 Nd6
21. Qb3 b5 22. Nc5 Rb8 23. Rhe1 Nc4 24. Rxe7 Nxb2 25. Rde1 Nc4 26. Nxb7 h5 27.
d6 b4 28. Re8+ Kh7 29. Ng5+ Kh6 30. Nxf7+ Qxf7 31. R8e2 Rxb7 32. g3 Qf6 33. c3
bxc3 34. Qxb7 c2+ 35. Kxc2 Qc3+ 36. Kd1 Qd3+ 37. Kc1 Qc3+ 38. Kd1 Qa1+ 39. Kc2
Qc3+ 40. Kd1 Qa1+ 41. Kc2 Qxa2+ 1-0

[Event "Excelsior February Rapid"]
[Site "Toronto CAN"]
[Date "2023.02.11"]
[Round "4.8"]
[White "Sanchez, Victor"]
[Black "Qiao, Cindy"]
[Result "1-0"]
[WhiteElo "1891"]
[BlackElo "1961"]
[PlyCount "81"]
[EventDate "2023.02.11"]
[EventType "swiss (rapid)"]
[EventRounds "5"]
[EventCountry "CAN"]

1. e4 d5 2. exd5 Qxd5 3. Nc3 Qd8 4. d4 Nf6 5. Bc4 a6 6. Nf3 b5 7. Bb3 c5 8.
dxc5 Qxd1+ 9. Nxd1 e6 10. Be3 Bb7 11. a4 b4 12. c3 bxc3 13. Nxc3 Nbd7 14. a5
Bxc5 15. Ke2 O-O 16. Na4 Bxe3 17. fxe3 Be4 18. Rhc1 Nd5 19. Rc4 N7f6 20. Nc5
Rab8 21. Ra3 Bxf3+ 22. gxf3 Nb4 23. Ba4 Nbd5 24. b3 Nb4 25. Ra1 Rfd8 26. Rd1
Nfd5 27. Rdd4 e5 28. Re4 f6 29. Rg4 Rd6 30. h4 Na2 31. Bd7 Nac3+ 32. Kd3 Nd1
33. Be6+ Kh8 34. Bxd5 Rxd5+ 35. Ke2 Rbd8 36. Ne6 Rd2+ 37. Ke1 Nxe3 38. Nxd8
Nxc4 39. Nf7+ Kg8 40. bxc4 Kxf7 41. Kxd2 1-0

[Event "Excelsior February Rapid"]
[Site "Toronto CAN"]
[Date "2023.02.11"]
[Round "5.4"]
[White "Reprintsev, Alexander"]
[Black "Lakhani, Riyaan"]
[Result "1-0"]
[WhiteElo "2401"]
[BlackElo "1914"]
[PlyCount "75"]
[EventDate "2023.02.11"]
[EventType "swiss (rapid)"]
[EventRounds "5"]
[EventCountry "CAN"]

1. e4 g6 2. d4 Bg7 3. Nc3 a6 4. h4 h5 5. Nf3 d6 6. Ng5 Nc6 7. d5 Ne5 8. f3 Nf6
9. Be3 c5 10. dxc6 bxc6 11. Qd2 O-O 12. f4 Neg4 13. Bg1 Rb8 14. O-O-O Qa5 15.
Bc4 Nd7 16. Rh3 Qb4 17. Bb3 Nc5 18. Bxc5 Qxc5 19. f5 Rxb3 20. axb3 Nf2 21. Na4
Qa7 22. Rf3 Nxd1 23. Qxd1 Bf6 24. g4 hxg4 25. Rf1 Qe3+ 26. Kb1 Bxg5 27. hxg5
Qxg5 28. Nb6 Kg7 29. Rg1 Qe3 30. Nxc8 Rxc8 31. Rxg4 Rh8 32. fxg6 fxg6 33. Ka2
Rh2 34. Qf1 Qe2 35. Qf5 Rh6 36. Qe6 Qxc2 37. Qxe7+ Kg8 38. Rf4 1-0

[Event "Excelsior February Rapid"]
[Site "Toronto CAN"]
[Date "2023.02.11"]
[Round "5.5"]
[White "Lu, Tony"]
[Black "Plotkin, Victor"]
[Result "0-1"]
[WhiteElo "1713"]
[BlackElo "2328"]
[PlyCount "202"]
[EventDate "2023.02.11"]
[EventType "swiss (rapid)"]
[EventRounds "5"]
[EventCountry "CAN"]

1. e4 e5 2. Nf3 Nf6 3. d4 Nxe4 4. Nxe5 d6 5. Nf3 d5 6. Bd3 Be7 7. O-O O-O 8. c4
Nf6 9. Qb3 dxc4 10. Bxc4 Nc6 11. Ng5 Qe8 12. Qc3 h6 13. Nf3 Bg4 14. Bf4 Bb4 15.
Qd3 Bxf3 16. gxf3 Qd7 17. Nc3 Bd6 18. Bxd6 Qxd6 19. Rad1 Rad8 20. Nb5 Qd7 21.
d5 Ne5 22. Qc3 Nxc4 23. Qxc4 Nxd5 24. Nc3 c6 25. Rd4 Qf5 26. Rfd1 Qxf3 27. Nxd5
cxd5 28. Rxd5 Qxd1+ 29. Rxd1 Rxd1+ 30. Kg2 Rfd8 31. Qb4 b6 32. Qa4 R8d7 33. Qc4
g6 34. a3 Kh7 35. h3 R1d2 36. Qb3 R7d5 37. Qc3 R2d3 38. Qc4 Kg7 39. Qc7 Rg5+
40. Kf1 Rxh3 41. Qxa7 Rb3 42. Qd7 Rf5 43. Qd4+ Rf6 44. a4 h5 45. Kg2 Rbf3 46.
b4 R3f4 47. Qd2 h4 48. a5 bxa5 49. bxa5 g5 50. Qa2 h3+ 51. Kxh3 Rxf2 52. Qa1
Kh6 53. Qh1 Ra2 54. Kg3+ Kg7 55. Qd5 Ra3+ 56. Kg4 Rg6 57. Qe5+ Kh7 58. Qh2+ Kg8
59. Qb8+ Kh7 60. Qh2+ Kg8 61. Qb8+ Kh7 62. Qh2+ Rh6 63. Qc2+ Kg8 64. Qc8+ Kg7
65. Qc5 Ra4+ 66. Kxg5 Rg6+ 67. Kf5 Rf6+ 68. Kg5 Rg6+ 69. Kf5 Rh6 70. Qc3+ Kh7
71. Kg5 Rg6+ 72. Kf5 Rh6 73. Kg5 f6+ 74. Kf5 Rxa5+ 75. Kf4 Rg5 76. Qc7+ Kh8 77.
Qd8+ Rg8 78. Qe7 Rg7 79. Qe8+ Kh7 80. Qe4+ Kh8 81. Qe8+ Rg8 82. Qe7 Rhg6 83.
Qd7 R6g7 84. Qh3+ Rh7 85. Qe6 Rf8 86. Qd6 Kg7 87. Qd7+ Kg8 88. Qe6+ Kh8 89. Qf5
Rh4+ 90. Kg3 Rh6 91. Kf4 Kg7 92. Qd7+ Rf7 93. Qg4+ Rg6 94. Qf5 Rg5 95. Qe6 Rb7
96. Qd6 Rgb5 97. Kf3 Rb3+ 98. Kf4 R7b4+ 99. Kf5 Rf3+ 100. Ke6 Re3+ 101. Kf5
Re5+ 0-1

[Event "Excelsior February Rapid"]
[Site "Toronto CAN"]
[Date "2023.02.11"]
[Round "5.7"]
[White "Zhang, Daniel"]
[Black "Bekefi, Laszlo"]
[Result "0-1"]
[WhiteElo "1696"]
[BlackElo "2190"]
[PlyCount "100"]
[EventDate "2023.02.11"]
[EventType "swiss (rapid)"]
[EventRounds "5"]
[EventCountry "CAN"]

1. e4 Nc6 2. d4 d5 3. Nc3 e6 4. Nf3 Bb4 5. e5 Bf8 6. Bg5 Nge7 7. Bd3 h6 8. Be3
Nf5 9. g4 Nh4 10. Nxh4 Qxh4 11. Nb5 Qd8 12. h4 a6 13. Nc3 Nb4 14. Be2 c5 15. f4
Be7 16. h5 cxd4 17. Bxd4 Nc6 18. Bf2 Bd7 19. Bd3 b5 20. a3 Qc7 21. Qe2 Na5 22.
f5 Nc4 23. fxe6 Bxe6 24. Bxc4 Qxc4 25. Qxc4 dxc4 26. O-O-O Bg5+ 27. Kb1 Bxg4
28. Rd6 O-O 29. Ne4 Bf3 30. Re1 Bxe4 31. Rxe4 Rfe8 32. a4 Re6 33. Rd5 Rb8 34.
Red4 Rb7 35. Bg3 f6 36. exf6 Bxf6 37. Rd1 bxa4 38. Rd6 Rxb2+ 39. Kc1 Re2 40.
R1d2 Rxd2 41. Kxd2 a3 42. Rxa6 a2 43. Bf2 a1=Q 44. Rxa1 Rxc2+ 45. Kxc2 Bxa1 46.
Kd2 Kf7 47. Bc5 Ke6 48. Ke3 Kf5 49. Kf3 Kg5 50. Be3+ Kxh5 0-1

[Event "Excelsior February Rapid"]
[Site "Toronto CAN"]
[Date "2023.02.11"]
[Round "5.8"]
[White "Oancea, Nicolae"]
[Black "Singh Dhaliwal, Jaipreet"]
[Result "1/2-1/2"]
[WhiteElo "1979"]
[BlackElo "1611"]
[PlyCount "138"]
[EventDate "2023.02.11"]
[EventType "swiss (rapid)"]
[EventRounds "5"]
[EventCountry "CAN"]

1. e4 e5 2. Nf3 Nf6 3. d3 Nc6 4. h3 h6 5. Nc3 d5 6. exd5 Nxd5 7. Bd2 Be6 8. g3
f5 9. Bg2 Bd6 10. Nh4 Nf6 11. Ng6 Rg8 12. Qe2 Nd4 13. Qd1 Bf7 14. Nh4 g5 15.
Nf3 c6 16. Nxd4 exd4 17. Ne2 Be5 18. c3 Bd5 19. Rg1 Bxg2 20. Rxg2 Qd5 21. Rg1
O-O-O 22. c4 Qe6 23. Qa4 Bb8 24. Kd1 Rge8 25. Re1 Qf7 26. Kc2 Qh5 27. Ng1 Nd7
28. Qa5 Qg6 29. Nf3 Qf6 30. b4 a6 31. b5 Bc7 32. Qb4 cxb5 33. cxb5 Kb8 34. Nxd4
Rxe1 35. Rxe1 Nb6 36. Ne6 Rc8 37. Nxc7 Rxc7+ 38. Kb1 Nd5 39. Qb3 Qd6 40. bxa6
Ka7 41. Rc1 Rxc1+ 42. Bxc1 bxa6 43. Ba3 Qc6 44. Qc4 Qb6+ 45. Bb2 Nc7 46. d4 Kb7
47. Qc5 Qe6 48. Qe5 Qc4 49. Qxf5 Qf1+ 50. Bc1 Nb5 51. Qf7+ Kb6 52. Qe6+ Kb7 53.
Qe3 Qxh3 54. a4 Qf5+ 55. Ka1 Nc7 56. f3 Qd7 57. Qb3+ Ka7 58. Be3 Nd5 59. Bf2
Qc6 60. Be3 Qe6 61. Bc1 Qc6 62. Kb2 Nb6 63. a5 Nc4+ 64. Ka2 Nxa5 65. Qf7+ Nb7
66. Bb2 Qa4+ 67. Kb1 Qd1+ 68. Ka2 Qa4+ 69. Kb1 Qd1+ 1/2-1/2

[Event "Excelsior February U1900"]
[Site "Toronto CAN"]
[Date "2023.02.03"]
[Round "1.15"]
[White "El Habboub, Hicham"]
[Black "Ruchinskaya, Valerie"]
[Result "0-1"]
[WhiteElo "1444"]
[BlackElo "1861"]
[PlyCount "72"]
[EventDate "2023.02.03"]
[EventType "swiss"]
[EventRounds "5"]
[EventCountry "CAN"]

1. e4 e6 2. d4 d5 3. exd5 exd5 4. Nf3 Bd6 5. Nc3 c6 6. Bd3 Ne7 7. O-O O-O 8.
Ne2 Bf5 9. Bxf5 Nxf5 10. Ng3 Nxg3 11. fxg3 Nd7 12. Qd3 Nf6 13. Ng5 Re8 14. Bd2
h6 15. Nh3 Ne4 16. Bf4 Rf8 17. c4 g5 18. Be3 Qe7 19. cxd5 cxd5 20. Rae1 b6 21.
g4 Qc7 22. Bf2 Bxh2+ 23. Kh1 f5 24. Bg1 Ng3+ 25. Kxh2 Nxf1+ 26. Kh1 Ng3+ 27.
Kh2 Ne4+ 28. g3 fxg4 29. Nf2 Rf3 30. Qb5 Qxg3+ 31. Kh1 Qh4+ 32. Bh2 Nxf2+ 33.
Kg2 Qh3+ 34. Kg1 Rg3+ 35. Bxg3 Qxg3+ 36. Kf1 Qd3+ 0-1

[Event "Excelsior February U1900"]
[Site "Toronto CAN"]
[Date "2023.02.03"]
[Round "1.17"]
[White "Sreekumar Maliekal, Balakrishnan"]
[Black "Piccinin, Mario"]
[Result "0-1"]
[WhiteElo "1401"]
[BlackElo "1789"]
[PlyCount "110"]
[EventDate "2023.02.03"]
[EventType "swiss"]
[EventRounds "5"]
[EventCountry "CAN"]

1. d4 f5 2. c4 Nf6 3. Nc3 e6 4. Nf3 Bb4 5. Bd2 O-O 6. Qb3 a5 7. e3 b6 8. Be2
Bb7 9. O-O Bxc3 10. bxc3 Ne4 11. Rfd1 Qe8 12. Ne5 d6 13. Nd3 Nd7 14. f3 Nef6
15. a4 Rb8 16. Rab1 Qe7 17. Nf4 g5 18. Nd3 h6 19. Qa2 Kh7 20. Rb2 e5 21. d5 e4
22. Nf2 Nc5 23. Be1 exf3 24. Bxf3 g4 25. Be2 Qxe3 26. Bf1 Rbe8 27. Re2 Qg5 28.
Bd2 Qg6 29. Rde1 Rxe2 30. Rxe2 Re8 31. Be3 Nfe4 32. Qc2 Nxf2 33. Kxf2 Ne4+ 34.
Ke1 Ba6 35. Bf4 Bxc4 36. Re3 Bxd5 37. g3 Bb7 38. c4 Qf6 39. Qc1 Re7 40. Bd3 Bc6
41. Bxe4 Rxe4 42. Rxe4 Bxe4 43. Kf2 Qe6 44. Bd2 Bd3 45. Be3 Qxc4 46. Bxh6 Qxc1
47. Bxc1 Bc2 48. Ke3 Bxa4 49. Kf4 Kg6 50. Bb2 b5 51. Bd4 c5 52. Be3 b4 53. Bd2
c4 54. Ke3 c3 55. Bc1 b3 0-1

[Event "Excelsior February U1900"]
[Site "Toronto CAN"]
[Date "2023.02.03"]
[Round "1.18"]
[White "Milinkovic, Mate"]
[Black "Naiboglu, Onur"]
[Result "1-0"]
[WhiteElo "1780"]
[BlackElo "1321"]
[PlyCount "133"]
[EventDate "2023.02.03"]
[EventType "swiss"]
[EventRounds "5"]
[EventCountry "CAN"]

1. d4 Nf6 2. c4 e6 3. Nc3 Bb4 4. Qc2 d5 5. Bg5 Nbd7 6. e3 b6 7. cxd5 exd5 8.
Nf3 c5 9. Bb5 a6 10. Bc6 Ra7 11. Bxd5 h6 12. Bxf6 Nxf6 13. Bc6+ Bd7 14. Bxd7+
Rxd7 15. O-O O-O 16. a3 Bxc3 17. bxc3 Rc7 18. Qb3 b5 19. Rfd1 c4 20. Qc2 Nd5
21. Rdb1 Rb7 22. a4 Qa5 23. axb5 Qxc3 24. Qe4 Rxb5 25. Rc1 Qb4 26. Qc2 Rc8 27.
Rxa6 c3 28. Ne5 Qb2 29. Raa1 Qxc2 30. Rxc2 Rcb8 31. Kf1 Rb2 32. Rac1 Rxc2 33.
Rxc2 Rb3 34. Nd3 Nb6 35. Nc5 Ra3 36. Ke2 Nd5 37. Nd3 Kf8 38. e4 Nb6 39. Nc5 Nc4
40. f3 Ke7 41. e5 f6 42. f4 Nb6 43. g3 Nd5 44. Nd3 Ra1 45. Kf3 f5 46. h3 Rd1
47. Ke2 Rh1 48. Nf2 Rg1 49. Kf3 g5 50. fxg5 hxg5 51. g4 f4 52. Ke4 Ke6 53. Nd3
Ne7 54. Nc5+ Kf7 55. Rxc3 Re1+ 56. Kf3 Nd5 57. Rb3 Ne3 58. Ne4 Nc2 59. Nxg5+
Kg6 60. Ne6 Rf1+ 61. Ke4 Re1+ 62. Kxf4 Kf7 63. Ng5+ Kg6 64. Nf3 Rh1 65. Rb6+
Kf7 66. d5 Rxh3 67. Ng5+ 1-0

[Event "Excelsior February U1900"]
[Site "Toronto CAN"]
[Date "2023.02.03"]
[Round "1.19"]
[White "Ulyanik, Mehmet"]
[Black "Shah, Omar"]
[Result "1/2-1/2"]
[WhiteElo "1290"]
[BlackElo "1778"]
[PlyCount "141"]
[EventDate "2023.02.03"]
[EventType "swiss"]
[EventRounds "5"]
[EventCountry "CAN"]

1. e4 c5 2. Nf3 d6 3. d4 cxd4 4. Nxd4 Nf6 5. Nc3 a6 6. Bc4 e6 7. Bb3 Nbd7 8.
Bg5 Nc5 9. O-O Be7 10. Qe2 Nfxe4 11. Bxe7 Nxc3 12. Qg4 Qxe7 13. Qxg7 Qf8 14.
Qxf8+ Kxf8 15. bxc3 Rg8 16. Rfe1 Bd7 17. Rad1 Rc8 18. Nf3 Ke7 19. Bd5 Kf6 20.
Bc4 Ke7 21. Bf1 Na4 22. c4 Rc7 23. Nd4 e5 24. f4 f6 25. Bd3 Nb2 26. Bxh7 Rh8
27. Rb1 Rxh7 28. Rxb2 Kf7 29. fxe5 dxe5 30. Nf3 Be6 31. Nd2 Kg6 32. Rb6 Rhe7
33. Re4 Bf5 34. Re2 Re6 35. Rxe6 Bxe6 36. Re4 Bf5 37. Re3 Bxc2 38. Rc3 Ba4 39.
Kf2 Bc6 40. Rd3 Rh7 41. h3 Rh4 42. g4 Rh7 43. c5 Bb5 44. Rc3 Rd7 45. Ne4 Rd4
46. Nd6 Bc6 47. Nf5 Rf4+ 48. Kg3 Kf7 49. Rd3 Ra4 50. Rd2 Ra3+ 51. Kh4 Rc3 52.
Rb2 Rxc5 53. Nd6+ Kg6 54. Nxb7 Rb5 55. Rxb5 axb5 56. Nc5 b4 57. Kg3 Bb5 58. h4
Bc4 59. Nb3 Bd3 60. Nc5 Bc4 61. Nb3 f5 62. gxf5+ Kxf5 63. Kf3 Bd5+ 64. Ke3 Kg4
65. Nc5 Bxa2 66. Ke4 Kxh4 67. Kxe5 Kg4 68. Kd4 Kf3 69. Nd3 b3 70. Kc3 Ke3 71.
Nc1 1/2-1/2

[Event "Excelsior February U1900"]
[Site "Toronto CAN"]
[Date "2023.02.03"]
[Round "1.20"]
[White "Desikan, Ajith"]
[Black "Yang, Albert"]
[Result "1-0"]
[WhiteElo "1764"]
[BlackElo "1221"]
[PlyCount "53"]
[EventDate "2023.02.03"]
[EventType "swiss"]
[EventRounds "5"]
[EventCountry "CAN"]

1. d4 d5 2. Bf4 c5 3. e3 Nc6 4. c3 Bf5 5. Nf3 e6 6. Bb5 Be7 7. Ne5 Rc8 8. Qa4
Qb6 9. O-O a6 10. Bxc6+ bxc6 11. Nd2 Nf6 12. dxc5 Bxc5 13. b4 Be7 14. Nb3 O-O
15. Nd4 c5 16. Nxf5 exf5 17. a3 cxb4 18. cxb4 Bd6 19. Rac1 Bxe5 20. Bxe5 Ne4
21. Bd4 Qe6 22. Qa5 Nd2 23. Rxc8 Rxc8 24. Rd1 Nb3 25. Qb6 Nxd4 26. Qxd4 Rc4 27.
Qxc4 1-0